000 00480 a2200157 4500
999 _c9262
_d9262
020 _a0421505109
050 1 4 _aKF9201UGL1995
100 1 _aUglow, Steve.
245 1 0 _aCriminal justice /
_cby Steve Uglow.
264 _aLondon:
_bSweet and Maxwell,
_c1995
300 _axxxi, 346 p. ;
500 _aincludes index
504 _aIncludes bibliographical references (p. 329-338) and index.
650 0 _aCriminal justice, Administration of
942 _2lcc
_cBK
_hUGL
_i9201
_kKF